00227nam a2200097Ia 4500008004100000100003000041245002500071260001700096300000800113650000800121191201s2014 xx 000 0 und d aCHAKRABORTY, Swapan Kumar 0aDiscrete Mathematics bOxfordc2014 a567 aMCA